The use and validation of a nonverbal slide test for measuring attainment of relational concepts in physics by Egyptian students /

Bibliographic Details
Main Author: Farrag, Ibrahim Ismail
Format: Thesis Microform Book
Language:English
Published: [Place of publication not identified] : [publisher not identified] ; 1979.
Subjects:

MARC

Tag First Indicator Second Indicator Subfields
LEADER 00000cam a2200000 a 4500
001 in00000007266
005 20151005060021.0
007 hd afb|||||||
008 880223r19791979miua ab 00010 eng d
035 |a (OCoLC)17526373 
035 |9 AAA1749AM 
040 |a TXA  |c TXA  |d UtOrBLW 
043 |a f-ua--- 
049 |a TXAI 
099 |a film  |a B  |a 3302 
100 1 |a Farrag, Ibrahim Ismail. 
245 1 4 |a The use and validation of a nonverbal slide test for measuring attainment of relational concepts in physics by Egyptian students /  |c by Ibrahim Ismail Farrag. 
264 1 |a [Place of publication not identified] :  |b [publisher not identified] ;  |c 1979. 
300 |a xi, 227 leaves :  |b illustrations 
336 |a text  |b txt  |2 rdacontent 
337 |a microform  |b h  |2 rdamedia 
338 |a microfilm reel  |b hd  |2 rdacarrier 
502 |b Ph. D.  |c Pennsylvania State University  |d 1979. 
500 |a Vita. 
504 |a Bibliography: leaves 116-128. 
533 |a Microfilm.  |b Ann Arbor, Mich. :  |c University Microfilms International,  |d 1979.  |e 1 microfilm reel ; 35 mm. 
500 |a Microform. 
650 0 |a Physics  |x Study and teaching (Secondary)  |z Egypt. 
650 0 |a Nonverbal communication in education  |z Egypt. 
999 |a MARS 
999 f f |s c43f8fea-ef1b-3b32-9eaf-12979a1ed255  |i 0fcce54a-2b31-387b-8a4e-90974ef67262  |t 0 
952 f f |p default  |a Texas A&M University  |b College Station  |c Sterling C. Evans Library  |d Evans: Microforms (3rd floor)  |t 0  |e film B 3302  |h Other scheme  |i microform -- microfilm reel 
998 f f |a film B 3302  |t 0  |l Evans: Microforms (3rd floor)